000
00273nam a2200109Ia 4500
005
20251222144903.0
008
251222s9999||||xx |||||||||||||| ||spa||
082
_a
868.56/P45
100
_a
"Pérez Galdés, Benito"
245
0
_a
Trafalgar: Episodios nacionales
942
_c
LIB
999
_c
22072
_d
22072